000 00253nam a22001097a 4500
008 170113b xxu||||| |||| 00| 0 eng d
020 _a9780201092028
041 _aeng
080 _a618.2
245 _aFUNDAMENTALS OF NURSING
_cKOZIER, B
942 _2udc
_cBK
999 _c2886
_d2886